000 00431 a2200145 4500
082 _a297.09
090 _c6537
_d6537
100 _aMirza,Muhammad Ramzan
245 _aA Review of Natural History Reserch in the Muslim World.
_cDr.Muhammad Ramzan Mirza
250 _a1st.
260 _aIslamabad.
_bResearch Unit for science in islamic polity.
_c1983.
300 _a144p.
500 _aPaper cover
942 _aNBS
_cBK
_k297.09 MIR
999 _c348896
_d348896